01674cam a22003494a 450000100090000000300040000900500170001300800410003001000170007102000220008802000180011004000180012804200080014605000260015408200220018010000220020224500760022426000450030030000350034550400510038065000250043170000220045685600900047885600780056890600450064694200420069195201380073395201460087195201460101795201460116399900150130912573988OSt20200826130152.0011029s2001 enka b 001 0 eng  a 2001055753 a0471493031 (pbk.) a9788126514694 aDLCcDLCdDLC apcc00aHF5548.32b.E186 200100a658.84221bCHA/E 91452aChan, Henry00aE-commerce :bFundamentals and Applications /cHenry Chan ... [et al.]. aChichester ;aNew York :bWiley,cc2001. axxiv, 479 p. :bill. ;c24 cm. aIncludes bibliographical references and index. 0aElectronic commerce. aChan, Henry91452423Publisher descriptionuhttp://www.loc.gov/catdir/description/wiley036/2001055753.html413Table of contentsuhttp://www.loc.gov/catdir/toc/wiley021/2001055753.html a7bcbccorignewd1eocipf20gy-gencatlg 2ddccBKh658.84iCHA/Ek658.84mCHA/E 00102ddc40708e-CommerceaMESbMEScMANAGEMENTd2019-02-20l0o658.84 CHA/Ep37077r2019-02-20 00:00:00t4w2019-02-20yBKzGL56R4 00102ddc40708e-CommerceaMESbMEScMANAGEMENTd2019-02-20g369.00l0o658.84 CHA/Ep32497r2019-02-20 00:00:00t1w2019-02-20yBKzGL56R4 00102ddc40708e-CommerceaMESbMEScMANAGEMENTd2019-02-20g369.00l0o658.84 CHA/Ep32498r2019-02-20 00:00:00t2w2019-02-20yBKzGL56R4 00102ddc40708e-CommerceaMESbMEScMANAGEMENTd2019-02-20g369.00l0o658.84 CHA/Ep33081r2019-02-20 00:00:00t3w2019-02-20yBKzGL56R4 c7884d7884